Geography Quiz

Random Geography or State Quiz

Click the New England States Minefield Quiz Stats

 Plays Quiz Updated Apr 13, 2020

     
Support Sporcle.
Go Orange.
Score 0/6 Timer 00:30
5 Plays Today
% Correct
???
91.9%
???
89.6%
???
89.1%
???
87.8%
???
87.3%
???
87.2%

From the Vault

Big 4 Teams: Not in That Division

by gazzso

Sports 5m
Don't worry, this has nothing to do with math.
Remove Ads.
Support Sporcle.
Get the best of Sporcle when you Go Orange. This ad-free experience offers more features, more stats, and more fun while also helping to support Sporcle. Thank you for becoming a member.

Show Comments

Extras

Top Quizzes Today


Score Distribution

Your Account Isn't Verified!

In order to create a playlist on Sporcle, you need to verify the email address you used during registration. Go to your Sporcle Settings to finish the process.

Report this User

Report this user for behavior that violates our Community Guidelines.

Details: